Homenaje al profesor Alfonso García-Gallo.

Guardado en:
Detalles Bibliográficos
Formato: Libro
Lenguaje:español
Publicado: Madrid, España Complutense 1996
Materias:
Etiquetas: Agregar Etiqueta
Sin Etiquetas, Sea el primero en etiquetar este registro!

MARC

LEADER 00000cam a2200000 a 4500
001 UCD2499
003 CL-VaPUC
005 20231026161812.0
008 160428e19960400sp |||||||||||||||||spa|d
999 |c 363661  |d 363659 
020 |a 84893656798 (o.c) 
020 |a 8489365628 (t.1) 
020 |a 8489365636 (t.2 v.1) 
020 |a 8489365644 (t.2 v.2) 
020 |a 8489365652 (t.3 v.1) 
020 |a 8489365660 (t.3 v.2) 
040 |c Pontificia Universidad Católica de Valparaíso 
082 0 4 |a 262.9  |b HOM  |2 21 
245 1 0 |a Homenaje al profesor Alfonso García-Gallo. 
260 0 3 |a Madrid, España  |b Complutense  |c 1996 
300 |a 3 tomos. 
583 |a last modification  |c 20160428 21:50:00  |k Rodrigo Vera 
650 7 |a DERECHO CANONICO  |2 CL-VaPUC  |9 585850 
650 7 |a HISTORIA DEL DERECHO CANONICO  |2 CL-VaPUC  |9 470136 
650 0 |a Abogados  |9 256284 
650 0 |a Homenajes  |9 258192 
651 0 |a España  |9 254926 
942 |c BK  |2 ddc 
945 |d 20160428 21:50:00  |a arojas 
952 |0 0  |1 0  |3 erb  |4 0  |6 262_900000000000000_HOM_1996  |7 0  |8 DER_HDC  |9 476288  |a BIBDER  |b BIBDER  |h t.1  |i 5283868  |l 1  |m 1  |o 262.9 HOM 1996  |p 5283868  |r 2024-04-22  |s 2024-04-22  |t 1  |w 2019-11-24  |x Ubicación 4to Piso  |y BK  |z Estos recursos deben solicitarse con anticipación  |k DER 
952 |0 0  |1 0  |3 erb  |4 0  |6 262_900000000000000_HOM_1996  |7 0  |8 DER_HDC  |9 476289  |a BIBDER  |b BIBDER  |h t.2 v.1  |i 5283876  |o 262.9 HOM 1996  |p 5283876  |r 2023-01-25  |t 1  |w 2019-11-24  |x Ubicación 4to Piso  |y BK  |z Estos recursos deben solicitarse con anticipación  |k DER 
952 |0 0  |1 0  |3 erb  |4 0  |6 262_900000000000000_HOM_1996  |7 0  |8 DER_HDC  |9 476290  |a BIBDER  |b BIBDER  |h t.2 v.2  |i 5283884  |o 262.9 HOM 1996  |p 5283884  |r 2023-01-25  |t 1  |w 2019-11-24  |x Ubicación 4to Piso  |y BK  |z Estos recursos deben solicitarse con anticipación  |k DER 
952 |0 0  |1 0  |3 erb  |4 0  |6 262_900000000000000_HOM_1996  |7 0  |8 DER_HDC  |9 476291  |a BIBDER  |b BIBDER  |h t.3 v.1  |i 5283892  |o 262.9 HOM 1996  |p 5283892  |r 2023-01-25  |t 1  |w 2019-11-24  |x Ubicación 4to Piso  |y BK  |z Estos recursos deben solicitarse con anticipación  |k DER 
952 |0 0  |1 0  |3 erb  |4 0  |6 262_900000000000000_HOM_1996  |7 0  |8 DER_HDC  |9 476292  |a BIBDER  |b BIBDER  |h t.3 v.2  |i 5283906  |o 262.9 HOM 1996  |p 5283906  |r 2023-01-25  |t 1  |w 2019-11-24  |x Ubicación 4to Piso  |y BK  |z Estos recursos deben solicitarse con anticipación  |k DER